Pyramid of Isms Quiz Stats

 Plays Quiz not verified by Sporcle

Challenge
Share
Tweet
Embed
Score 0/16 Timer 06:00
0 Plays Today
Length Answer % Correct
E g o _ i s mEgotism
94.9%
M a g _ _ _ i s mMagnetism
93.2%
I d e _ _ i s mIdealism
91.5%
N a t _ _ _ _ _ i s mNationalism
83.1%
M e t _ _ _ _ i s mMetabolism
59.3%
M u l _ _ _ _ _ _ _ _ _ _ i s mMulticulturalism
49.2%
I n d _ _ _ _ _ _ _ i s mIndividualism
44.1%
U t i _ _ _ _ _ _ _ _ i s mUtilitarianism
44.1%
Length Answer % Correct
E s t _ _ _ _ _ _ _ _ _ _ _ _ _ _ _ i s mEstablishmentarianism
44.1%
P r o _ _ _ _ _ _ _ _ _ i s mProfessionalism
39%
R e p _ _ _ _ _ _ _ _ _ _ _ _ _ i s mRepresentationalism
32.2%
P o l _ _ _ _ _ _ i s mPolymorphism
30.5%
N o n _ _ _ _ _ _ _ _ _ _ _ _ _ _ _ _ i s mNonrepresentationalism
30.5%
T r a _ _ _ _ _ _ _ _ _ _ _ i s mTranscendentalism
25.4%
E n t _ _ _ _ _ _ _ _ _ _ _ _ i s mEntrepreneurialism
18.6%
A n t _ _ _ _ _ _ _ _ _ _ _ _ _ _ i s mAntiauthoritarianism
18.6%

You're not logged in!

Compare scores with friends on all Sporcle quizzes.
OR
Log In

You Might Also Like...

Show Comments

Extras

Top Quizzes Today


Score Distribution

Your Account Isn't Verified!

In order to create a playlist on Sporcle, you need to verify the email address you used during registration. Go to your Sporcle Settings to finish the process.

Report this User

Report this user for behavior that violates our Community Guidelines.

Details: